000 00691nam a2200241 a 4500
001 0001-1006
003 ELIB.Books
008 141021 2010 eng
020 _a0310226554
035 _a(ELIB.Books)0001-1160
092 _a232
_bStr
100 _aStrobel, Lee.
245 _aThe Case for Christ:
_bA Journalist's Personal Investigation of the Evidence for Jesus
260 _aGrand Rapids
_bZondervan Publishing House
_c1998
300 _a403
_c6.9 Cm
500 _aDr. Yahalaylayla
650 _aJesus Christ
856 _nKBTS; Library
_uKBTS; Elib.
942 _2ddc
_cBK
990 _a2
998 _cbat
_e2014-10-21
_mcat
_u2019-05-27
999 _c11006
_d11006